|
|
|
|
| LEADER |
00000nam a22000007a 4500 |
| 005 |
20200601151835.0 |
| 007 |
cr|||| |||| |
| 008 |
200601s2020 mx |||||s|||| 00||0 spa d |
| 020 |
|
|
|a 978-368-726-999-1
|
| 035 |
|
|
|a 31617
|
| 040 |
|
|
|a vLex
|
| 090 |
|
|
|c 10474
|d 10474
|
| 100 |
1 |
|
|a Cervantes Nieto, Hčtor
|
| 245 |
1 |
0 |
|a Obligaciones laborales del COVID-19
|h [Recurso electrn̤ico] :
|b Como cumplirlas sin riesgo de sanciones /
|c Hčtor Cervantes Nieto
|
| 256 |
|
|
|a Servicio en ln̕ea
|
| 260 |
|
|
|a Ciudad de Mx̌ico:
|b Ediciones Fiscales ISEF,
|c 2020
|
| 300 |
|
|
|a 1 recurso electrn̤ico
|
| 500 |
|
|
|a QUE DEBO DE HACER CON MIS EMPLEADOS ANTE ESTA SUSPENSION OBLIGATORIA DE ACTIVIDADES Ante la declaratoria de suspensin̤ de actividades por "emergencia sanitaria por causas de fuerza mayor" derivada por la pandemia del virus COVID-19, declarada por el Gobierno Federal, ha dado lugar a que muchos patrones no sepan cm̤o actuar correctamente frente a sus trabajadores ante esta crisis. En esta obra el patrn̤ encontrar ̀de manera clara y concreta algunas sugerencias de cm̤o puede manejar la relacin̤ laboral ante sus trabajadores y qu ̌debe hacer ante esta situacin̤, como la celebracin̤ de convenios estableciendo las condiciones temporales de trabajo durante el tiempo de la suspensin̤ de labores y los riesgos a que est ̀expuesto ante una mala decisin̤. As ̕mismo obtendr ̀la informacin̤ de los principales acuerdos y decretos dictados por las autoridades laborales, en beneficio de los empleados y patrones, que les podrǹ ayudar a salir adelante en esta crisis que apenas empieza.
|
| 506 |
1 |
|
|a Disponible solo en los productos indicados
|d vLex Global
|d vLex Global (Academic Edition, excluding Law Schools)
|d vLex Global (U.S. Academic Edition, Law Schools)
|d vLex Global (U.S. Academic Edition, excluding Law Schools)
|d vLex Global (Academic Edition, Law Schools)
|
| 650 |
0 |
4 |
|a Derecho Laboral y Seguridad Social
|z Mx̌ico
|
| 650 |
0 |
4 |
|a Derecho Fiscal
|z Mx̌ico
|
| 740 |
0 |
|
|a vLex Libros (Servicio en ln̕ea)
|
| 856 |
4 |
0 |
|u http://vlex.com/source/obligaciones-laborales-del-covid-19-como-cumplirlas-sin-riesgo-de-sanciones-31617
|z Acceso restringido
|
| 942 |
|
|
|c BOOK
|
| 999 |
0 |
|
|a Labor Law and Social Security
|
| 999 |
0 |
|
|a Tax Law
|